Γενική λογιστική : έννοιες, αρχές και τεχνικές για τη μελέτη της σύγχρονης λογιστικής (χειρόγραφης και με Η/Υ), σύμφωνα και με το Ε.Γ.Λ.Σ. και τον Κ.Β.Σ. με παραδείγματα και ασκήσεις
Αποθηκεύτηκε σε:
| Κύριος συγγραφέας: | |
|---|---|
| Μορφή: | Βιβλίο |
| Γλώσσα: | Greek |
| Δημοσίευση: |
Αθήνα :
Ελλην,
c1999
|
| Έκδοση: | 6η έκδ., ανανεωμένη |
| Θέματα: | |
| Ετικέτες: |
Προσθήκη ετικέτας
Δεν υπάρχουν, Καταχωρήστε ετικέτα πρώτοι!
|
MARC
| LEADER | 00000cam a2200000 i 4500 | ||
|---|---|---|---|
| 001 | 1/20633 | ||
| 008 | 010809s1999 gre d | ||
| 020 | |a 960-286-403-6 | ||
| 035 | |l 10067161 | ||
| 040 | |a GR-MY-UA |b gre |e aacr | ||
| 041 | 0 | |a gre | |
| 082 | 0 | |a 657 | |
| 100 | 1 | |a Κοντάκος, Αριστοτέλης Γ. | |
| 245 | 1 | 0 | |a Γενική λογιστική : |b έννοιες, αρχές και τεχνικές για τη μελέτη της σύγχρονης λογιστικής (χειρόγραφης και με Η/Υ), σύμφωνα και με το Ε.Γ.Λ.Σ. και τον Κ.Β.Σ. με παραδείγματα και ασκήσεις / |c Αριστοτέλης Γ. Κοντάκος |
| 250 | |a 6η έκδ., ανανεωμένη | ||
| 260 | |a Αθήνα : |b Ελλην, |c c1999 | ||
| 300 | |a 515 σ. | ||
| 504 | |a Περιέχει βιβλιογραφία | ||
| 650 | 0 | 0 | |a Accounting. |
| 852 | |a INST |b CHIOS |e 20010809 |h 657 ΚΟΝ |p 005200021061 |q 005200021061 |t BK |y 0 | ||
| 901 | |a BIBL2-2001-2 | ||
| 909 | |a Χ |b 083843 | ||
| 970 | |a ΣΠΕΝΤΖΑ |b ΕΛΕΝΗ |z 2001/08/09 | ||